书目信息 |
| 题名: |
物种起源
|
|
| 作者: | 达尔文 著 ;苗德岁 译 | |
| 分册: | ||
| 出版信息: | 南京 译林出版社 2020.07 |
|
| 页数: | 11, 399页 | |
| 开本: | 21cm | |
| 丛书名: | 译林人文精选 | |
| 单 册: | ||
| 中图分类: | Q111.2 | |
| 科图分类: | ||
| 主题词: | 达尔文学说--da er wen xue shuo | |
| 电子资源: | ||
| ISBN: | 978-7-5447-8268-5 | |
| 000 | 01159nam 2200289 450 | |
| 001 | 202020140149 | |
| 005 | 20200926181352.0 | |
| 010 | @a978-7-5447-8268-5@b精装@dCNY49.00 | |
| 100 | @a20200918d2020 em y0chiy50 ea | |
| 101 | 1 | @achi@ceng |
| 102 | @aCN@b320000 | |
| 105 | @ay z 000yy | |
| 106 | @ar | |
| 200 | 1 | @a物种起源@Awu zhong qi yuan@d= On the origin of species@f(英国) 查尔斯·达尔文著@g(美国) 苗德岁译@zeng |
| 210 | @a南京@c译林出版社@d2020.07 | |
| 215 | @a11, 399页@d21cm | |
| 225 | 2 | @a译林人文精选@Ayi lin ren wen jing xuan |
| 314 | @a查尔斯·达尔文, 英国生物学家、进化论的奠基人。苗德岁, 古生物学者、知名科普作家、译者。 | |
| 330 | @a本书分十四章, 内容包括: 家养下的变异 ; 自然状态下的变异 ; 生存斗争 ; 自然选择 ; 变异的法则 ; 理论的诸项难点 ; 本能 ; 杂种现象 ; 论地质记录的不完整性 ; 地理分布等。 | |
| 410 | 0 | @12001 @a译林人文精选 |
| 500 | 10 | @aOn the origin of species@mChinese |
| 606 | 0 | @a达尔文学说@Ada er wen xue shuo |
| 690 | @aQ111.2@v5 | |
| 701 | 1 | @a达尔文@Ada er wen@g(Darwin, Charles),@f1809-1882@4著 |
| 702 | 0 | @a苗德岁@Amiao de sui@4译 |
| 801 | 0 | @aCN@c20200814 |
| 905 | @a河南城建学院图书馆@dQ111.2@eD006 | |
| 物种起源= On the origin of species/(英国) 查尔斯·达尔文著/(美国) 苗德岁译.-南京:译林出版社,2020.07 |
| 11, 399页;21cm.-(译林人文精选) |
| ISBN 978-7-5447-8268-5(精装):CNY49.00 |
| 本书分十四章, 内容包括: 家养下的变异 ; 自然状态下的变异 ; 生存斗争 ; 自然选择 ; 变异的法则 ; 理论的诸项难点 ; 本能 ; 杂种现象 ; 论地质记录的不完整性 ; 地理分布等。 |
| ● |
| 相关链接 |
|
|
|
正题名:物种起源
索取号:Q111.2/D006
 
预约/预借
| 序号 | 登录号 | 条形码 | 馆藏地/架位号 | 状态 | 备注 |
| 1 | 1490390 | 214903906 | 自科库401/401自科库 25排2列2层/ [索取号:Q111.2/D006] | 在馆 | |
| 2 | 1490391 | 214903915 | 自科库401/401自科库 25排2列2层/ [索取号:Q111.2/D006] | 在馆 |